Normal view MARC view
  • Todd, David Keith,

Entry Personal Name

Number of records used in: 1

001 - CONTROL NUMBER

  • control field: 21047

003 - CONTROL NUMBER IDENTIFIER

  • control field: NUST

005 - DATE AND TIME OF LATEST TRANSACTION

  • control field: 20190920180420.0

008 - FIXED-LENGTH DATA ELEMENTS

  • fixed length control field: 190920|| aca||aabn | a|a d

040 ## - CATALOGING SOURCE

  • Original cataloging agency: NUST
  • Transcribing agency: NUST

100 ## - HEADING--PERSONAL NAME

  • Personal name: Todd, David Keith,
  • Dates associated with a name: 1923-

670 ## - SOURCE DATA FOUND

  • Source citation: Work cat.: (NUST)0: Todd, David Keith, 1923-, Groundwater hydrology /, c1980.
© 2023 Central Library, National University of Sciences and Technology. All Rights Reserved.